00398nam a22001217a 4500020001800000082001700018100002100035245006900056260004400125300000900169650004100178856005700219 a9780199539017 a342.4202 BAG aBagehot, Walter  aOxford World's Classics The English ConstitutioncWalter Bagehot aNew YorkbOxford University Pressc2009 a219p aNLS2024, NLSETEXTBOOKS, NLSEBOOKBANK uhttp://10.250.8.41:8080/xmlui/handle/123456789/47852